All 4-Letter Words Starting with “G” - Statistics

General Stats
  • This quiz has been taken 1,351 times
    758 since last reset
  • The average score is 93 of 201
Answer Stats
Word % Correct
game
89%
gate
87%
grow
84%
good
83%
gale
82%
gone
81%
gain
80%
goal
80%
gave
79%
gabs
77%
give
77%
gray
77%
grew
77%
grip
77%
grit
77%
gall
76%
gape
76%
gore
76%
grey
76%
gaps
75%
gets
75%
gram
75%
gran
75%
guns
75%
gill
74%
gods
74%
goon
74%
grab
74%
grin
74%
gays
73%
gaze
73%
gads
72%
goat
72%
grad
72%
guts
72%
gums
71%
glow
70%
gins
69%
grim
69%
gaff
68%
gags
68%
gear
68%
gels
68%
glue
68%
gull
68%
gems
66%
goop
66%
gust
66%
gang
65%
girl
65%
gist
65%
glad
64%
goof
64%
grat
64%
gash
63%
gold
63%
grid
63%
goes
62%
gait
60%
gent
60%
gift
60%
gits
60%
glam
60%
gobs
60%
gage
59%
glee
59%
grot
59%
gals
58%
gene
58%
gigs
58%
glum
58%
grub
58%
gast
57%
glob
57%
gams
56%
gane
56%
gong
56%
goos
56%
gats
55%
glop
55%
gown
55%
gars
54%
gasp
54%
gosh
54%
grog
54%
gush
54%
g***
53%
gens
53%
glug
53%
golf
53%
guys
53%
gees
52%
geek
51%
germ
51%
gest
51%
glib
51%
goad
51%
glut
50%
gibs
49%
gulp
48%
gilt
47%
gips
46%
glen
45%
goth
45%
gout
45%
guff
45%
gamp
44%
garb
43%
gaga
42%
gala
42%
gama
42%
glom
42%
gory
42%
gunk
41%
glim
40%
gyms
40%
gyro
40%
grum
39%
g***
38%
gaby
38%
girt
38%
gids
37%
gamb
36%
gifs
36%
grig
36%
gnat
35%
gamy
34%
gaol
34%
geed
34%
giro
34%
gnus
34%
gulf
34%
gree
33%
giga
32%
goer
32%
grok
32%
geds
31%
gelt
31%
girn
31%
gnaw
31%
goas
31%
gogo
31%
gorm
31%
gawk
30%
gild
30%
gird
30%
grue
30%
gach
28%
geld
28%
gorp
28%
guck
28%
gyps
28%
gapy
27%
gawp
27%
gadi
26%
gaes
26%
gean
26%
gibe
26%
gite
26%
gaun
25%
geck
25%
gleg
25%
griz
25%
gled
24%
gaud
23%
glia
23%
guls
23%
gaed
22%
gaen
22%
gaum
22%
gley
22%
gaur
21%
geez
21%
guru
21%
gyre
21%
gies
20%
gink
20%
geta
19%
ghee
19%
goby
17%
ghat
15%
gied
15%
gien
15%
gyno
15%
gobo
14%
guvs
14%
gnar
10%
gude
10%
genu
9%
gowk
9%
guar
9%
gyri
9%
gowd
8%
guid
8%
goji
7%
guan
7%
gypo
6%
ghis
4%
gybe
3%
geum
2%
gyve
2%
No matching quizzes found
Score Distribution
Percent of People with Each Score
Percentile by Number Answered
Your Score History
You have not taken this quiz since the last reset